<?xml version="1.0" encoding="UTF-8"?>
<record
    xmlns:xsi="http://www.w3.org/2001/XMLSchema-instance"
    xsi:schemaLocation="http://www.loc.gov/MARC21/slim http://www.loc.gov/standards/marcxml/schema/MARC21slim.xsd"
    xmlns="http://www.loc.gov/MARC21/slim">

  <leader>00900nam a22002417a 4500</leader>
  <controlfield tag="003">OSt</controlfield>
  <controlfield tag="005">20260601193903.0</controlfield>
  <controlfield tag="008">260508b1974    xxc||||| |||| 00| 0 eng d</controlfield>
  <datafield tag="040" ind1=" " ind2=" ">
    <subfield code="a">ICI</subfield>
    <subfield code="b">spa</subfield>
    <subfield code="c">ICI</subfield>
  </datafield>
  <datafield tag="050" ind1=" " ind2=" ">
    <subfield code="a">HC79.T4</subfield>
    <subfield code="b">F74 1982</subfield>
  </datafield>
  <datafield tag="100" ind1=" " ind2="1">
    <subfield code="a">Freeman, Christopher,</subfield>
    <subfield code="e">autor.</subfield>
    <subfield code="9">34233</subfield>
  </datafield>
  <datafield tag="245" ind1=" " ind2="1">
    <subfield code="a">The economics of industrial innovation /</subfield>
    <subfield code="c">Christopher Freeman.</subfield>
  </datafield>
  <datafield tag="300" ind1=" " ind2=" ">
    <subfield code="a">409 p&#xE1;ginas :</subfield>
  </datafield>
  <datafield tag="500" ind1=" " ind2=" ">
    <subfield code="a">Obra fundamental sobre la relaci&#xF3;n entre innovaci&#xF3;n tecnol&#xF3;gica y crecimiento econ&#xF3;mico.</subfield>
  </datafield>
  <datafield tag="504" ind1=" " ind2=" ">
    <subfield code="a">Incluye referencias bibliogr&#xE1;ficas e &#xED;ndice.</subfield>
  </datafield>
  <datafield tag="650" ind1=" " ind2=" ">
    <subfield code="a">Innovaciones tecnol&#xF3;gicas</subfield>
    <subfield code="x">Aspectos econ&#xF3;micos.</subfield>
    <subfield code="9">34234</subfield>
  </datafield>
  <datafield tag="650" ind1=" " ind2=" ">
    <subfield code="a">Econom&#xED;a industrial.</subfield>
    <subfield code="9">34235</subfield>
  </datafield>
  <datafield tag="650" ind1=" " ind2=" ">
    <subfield code="a">Desarrollo tecnol&#xF3;gico.</subfield>
  </datafield>
  <datafield tag="650" ind1=" " ind2=" ">
    <subfield code="a">Cambio tecnol&#xF3;gico.</subfield>
    <subfield code="9">34237</subfield>
  </datafield>
  <datafield tag="650" ind1=" " ind2=" ">
    <subfield code="a">Pol&#xED;tica industrial.</subfield>
    <subfield code="9">34238</subfield>
  </datafield>
  <datafield tag="650" ind1=" " ind2=" ">
    <subfield code="a">Investigaci&#xF3;n y desarrollo</subfield>
    <subfield code="x">Aspectos econ&#xF3;micos.</subfield>
    <subfield code="9">34239</subfield>
  </datafield>
  <datafield tag="942" ind1=" " ind2=" ">
    <subfield code="2">lcc</subfield>
    <subfield code="c">B</subfield>
    <subfield code="n">1</subfield>
  </datafield>
  <datafield tag="999" ind1=" " ind2=" ">
    <subfield code="c">22327</subfield>
    <subfield code="d">22327</subfield>
  </datafield>
  <datafield tag="952" ind1=" " ind2=" ">
    <subfield code="0">0</subfield>
    <subfield code="1">0</subfield>
    <subfield code="2">lcc</subfield>
    <subfield code="4">0</subfield>
    <subfield code="7">0</subfield>
    <subfield code="a">BDIMFM</subfield>
    <subfield code="b">BDIMFM</subfield>
    <subfield code="d">2026-05-08</subfield>
    <subfield code="l">0</subfield>
    <subfield code="o">HC79.T4 F74 1982</subfield>
    <subfield code="p">BDIMFM000864</subfield>
    <subfield code="r">2026-05-08 19:57:00</subfield>
    <subfield code="t">Ej. 1</subfield>
    <subfield code="w">2026-05-08</subfield>
    <subfield code="y">B</subfield>
  </datafield>
</record>
